| 000 | 00913 a2200265 4500 | ||
|---|---|---|---|
| 999 |
_c3143 _d3143 |
||
| 020 | _a0435452142 | ||
| 020 | _a0435452142 | ||
| 050 | 0 | 0 | _aLB 1139.25 BEI 2007 |
| 100 | 1 |
_aBeith,Kate _eauthor |
|
| 245 | 1 | 0 |
_aEarly years care and education / _cKate Beith,Maria Robinson and Lynda Pullan |
| 250 | _a2nd ed | ||
| 264 |
_aU.K: _bHeinemann, _c2003 |
||
| 300 |
_a345p. : _bill. |
||
| 500 | _ancludes bibliographical references and index. | ||
| 504 | _aIncludes bibliographical references and index. | ||
| 650 | 0 | _aEarly childhood education. | |
| 650 | 0 | _aChild care. | |
| 650 | 7 | _aChild care. | |
| 650 | 7 | _aEarly childhood education. | |
| 700 | 1 | _aMaria Robinson | |
| 700 | 1 | _aLynda Pullan | |
| 942 |
_2lcc _cBK _h1139.25 _iBEI _kLB |
||